Dead By Daylight DLCs - Statistics

General Stats
  • This quiz has been taken 208 times
  • The average score is 14 of 20
Answer Stats
Name of DLC >Survivor< and the >Killer % Correct
Chapter V: A Lullaby for the Dark David King and the Huntress
96%
Chapter II: The Halloween Chapter Laurie Strode and the Shape
96%
Chapter III: Of Flesh and Mud Ace Visconti and the Hag
95%
Chapter VII: The SAW Chapter Detective Tapp and the Pig
95%
Chapter XII: Ghost Face Ghost Face
95%
Chapter IV: Spark of Madness Feng Min and the Doctor
94%
Chapter XIII: Stranger Things Nancy Drew, Steve Harrington and the Demogorgon
93%
Chapter VI: A Nightmare on Elm Street Quentin Smith and the Nightmare
93%
Chapter IX: Shattered Bloodline Adam Francis and the Spirit
90%
Chapter VIII: Curtain Call Kate Denson and the Clown
89%
Chapter I: The Last Breath Chapter Nea Karlsson and the Nurse
89%
Chapter XI: Demise of the Faithful Jane Romero and the Plague
87%
Paragraph II: LEATHERFACE The Cannibal
87%
Chapter X: Darkness Among Us Jeff Johansen and the Legion
86%
Paragraph I: Left Behind Bill Overbeck
45%
Paragraph III: Ash vs Evil Dead Ashley J. Williams
39%
Clothing Pack III Headcase
8%
Clothing Pack IV Charity Case
7%
Clothing Pack I The 80's Suitcase
7%
Clothing Pack II The Bloodstained Sack
4%
No matching quizzes found
Score Distribution
Percent of People with Each Score
Percentile by Number Answered
Your Score History
You have not taken this quiz